[Event "World Rapid 2019"]
[Site "Moscow RUS"]
[Date "2019.12.27"]
[Round "6.102"]
[White "Masrahi, Abdulrahman A"]
[Black "Thing, Bibek"]
[Result "0-1"]
[WhiteTitle "CM"]
[BlackTitle "CM"]
[WhiteElo "1956"]
[BlackElo "2222"]
[WhiteFideId "21501564"]
[BlackFideId "12303135"]
[EventDate "2019.12.26"]

1. d4 Nf6 2. Nf3 e6 3. g3 b5 4. Bg2 Bb7 5. O-O Be7 6. a4 b4 7. Bf4 O-O 8. a5 d6
9. c4 bxc3 10. Nxc3 Na6 11. Qd3 c5 12. Qb5 Rb8 13. dxc5 Nxc5 14. Qc4 Ba6 15. Qa2
Qc7 16. Rad1 Rfd8 17. Rfe1 h6 18. Rc1 Qd7 19. Red1 Qe8 20. Nd2 Bb7 21. Nf3 Bf8
22. b4 Nce4 23. Nxe4 Bxe4 24. Be3 Qd7 25. Qc4 Bd5 26. Qa6 Rb7 27. Nd4 Bxg2 28.
Kxg2 Rc7 29. Nc6 Rdc8 30. b5 Nd5 31. Bxa7 Nb4 32. Nxb4 Rxc1 33. Rxc1 Rxc1 34. b6
Rb1 35. Nd3 Qc6+ 36. f3 e5 37. Nf2 Rb5 38. Bb8 Qd5 39. Qc8 Rxa5 40. Bc7 Rb5 41.
Bd8 Rb2 42. Be7 Rxe2 43. Qxf8+ Kh7 44. Qc8 Qa2 45. b7 Rxf2+ 46. Kh3 Rxh2+ 47.
Kg4 Qb1 48. f4 Qd1+ 49. Kf5 Qd3+ 50. Kg4 h5+ 0-1

[Event "World Rapid 2019"]
[Site "Moscow RUS"]
[Date "2019.12.27"]
[Round "7.7"]
[White "Nepomniachtchi, Ian"]
[Black "Melkumyan, Hrant"]
[Result "1-0"]
[WhiteTitle "GM"]
[BlackTitle "GM"]
[WhiteElo "2767"]
[BlackElo "2668"]
[WhiteFideId "4168119"]
[BlackFideId "13302485"]
[EventDate "2019.12.26"]

1. c4 e5 2. g3 Nf6 3. Bg2 c6 4. d4 exd4 5. Qxd4 Na6 6. Nc3 Bc5 7. Qe5+ Be7 8.
Nf3 O-O 9. O-O Re8 10. Qf4 Nc7 11. e4 d6 12. Rd1 Ne6 13. Qd2 Qc7 14. Qc2 Bf8 15.
b3 h6 16. Re1 Ng4 17. Bb2 Ne5 18. Ne2 Nxf3+ 19. Bxf3 Bd7 20. Bg2 Rad8 21. Rad1
Bc8 22. f4 a5 23. h3 d5 24. cxd5 cxd5 25. Qxc7 Nxc7 26. exd5 Bb4 27. Nc3 Rxe1+
28. Rxe1 b6 29. Rc1 Ba6 30. Na4 Nxd5 31. Rd1 Bb7 32. Kh2 Be7 33. Nxb6 Nb4 34.
Rxd8+ Bxd8 35. Bxb7 Bxb6 36. a3 Nc2 37. Be4 Nd4 38. b4 axb4 39. axb4 h5 40. Kg2
g6 41. Kf1 Kf8 42. Ke1 Ke7 43. Bc1 f5 44. Bd3 Ne6 45. h4 Nd4 46. Bb2 Ne6 47. Bc4
Nd4 48. Kd2 Ne6 49. Ke2 Bg1 50. Bc1 Ba7 51. Be3 Bb8 52. Kd3 Kd6 53. Bxe6 Kxe6
54. Kc4 Kd7 55. b5 Bd6 56. Bc5 Bb8 57. Kd5 Bc7 58. Ba7 g5 59. hxg5 h4 60. gxh4
Bxf4 61. Bd4 1-0

[Event "World Rapid 2019"]
[Site "Moscow RUS"]
[Date "2019.12.27"]
[Round "7.8"]
[White "Le, Quang Liem"]
[Black "Grachev, Boris"]
[Result "1/2-1/2"]
[WhiteTitle "GM"]
[BlackTitle "GM"]
[WhiteElo "2713"]
[BlackElo "2614"]
[WhiteFideId "12401137"]
[BlackFideId "4129199"]
[EventDate "2019.12.26"]

1. e4 c5 2. Nf3 e6 3. d4 cxd4 4. Nxd4 Nf6 5. Nc3 Nc6 6. Ndb5 Bc5 7. Bf4 O-O 8.
Bc7 Qe7 9. Bd6 Bxd6 10. Qxd6 Qd8 11. O-O-O a6 12. Nd4 Na5 13. f3 b5 14. Nb3
Nxb3+ 15. axb3 Bb7 16. g4 Bc6 17. h4 Qb8 18. Qxb8 Raxb8 19. Ne2 Rfd8 20. Nd4 e5
21. Nf5 g6 22. Nd6 Ne8 23. Nxe8 Rxe8 24. g5 Kf8 25. Bh3 Ke7 26. Rd3 d6 27. Rhd1
Red8 28. Rc3 Rb6 29. b4 h6 30. Bg4 h5 31. Bh3 Rf8 32. Rcd3 Bd7 33. Bxd7 Kxd7 34.
f4 exf4 35. e5 Rc8 36. b3 Rcc6 37. Re1 Rb7 38. Re4 Rbc7 39. Rxd6+ Rxd6 40. exd6
Kxd6 41. Rxf4 Ke5 42. Rf6 Rd7 43. c3 Rd3 44. Kc2 Rh3 45. Rxf7 Rxh4 46. Rf6 Rh2+
47. Kd3 Rh3+ 48. Kd2 Rh2+ 49. Ke1 Rc2 50. Rxg6 Rxc3 51. Rxa6 Rxb3 52. g6 Rxb4
53. Rb6 Rg4 54. Rxb5+ Kf6 55. Rxh5 1/2-1/2

[Event "World Rapid 2019"]
[Site "Moscow RUS"]
[Date "2019.12.27"]
[Round "7.9"]
[White "Aravindh, Chithambaram VR."]
[Black "Motylev, Alexander"]
[Result "0-1"]
[WhiteTitle "GM"]
[BlackTitle "GM"]
[WhiteElo "2605"]
[BlackElo "2640"]
[WhiteFideId "5072786"]
[BlackFideId "4121830"]
[EventDate "2019.12.26"]

1. d4 Nf6 2. c4 e6 3. Nf3 d5 4. Bg5 h6 5. Bxf6 Qxf6 6. e3 c6 7. Nbd2 g6 8. Bd3
Bg7 9. O-O O-O 10. e4 Qd8 11. e5 c5 12. dxc5 Nd7 13. b4 Nxe5 14. Nxe5 Bxe5 15.
Rc1 a5 16. b5 Bg7 17. Qf3 Qg5 18. Rfd1 Rd8 19. cxd5 exd5 20. Qg3 Qxg3 21. hxg3
a4 22. Nf3 Be6 23. Be2 d4 24. Bc4 Bg4 25. Re1 Kf8 26. Bd3 Be6 27. Rc2 Rac8 28.
Ne5 Bd5 29. f4 Rc7 30. Kf2 Rdc8 31. b6 Re7 32. a3 Bxe5 33. fxe5 Bc6 34. Rb2 Rce8
35. Bb5 Bxb5 36. Rxb5 Rxe5 37. Rxe5 Rxe5 38. Ra5 d3 39. c6 d2 40. Rxe5 0-1

[Event "World Rapid 2019"]
[Site "Moscow RUS"]
[Date "2019.12.27"]
[Round "7.10"]
[White "Guseinov, Gadir"]
[Black "Riazantsev, Alexander"]
[Result "1-0"]
[WhiteTitle "GM"]
[BlackTitle "GM"]
[WhiteElo "2666"]
[BlackElo "2639"]
[WhiteFideId "13401378"]
[BlackFideId "4125029"]
[EventDate "2019.12.26"]

1. e4 c6 2. d4 d5 3. Nd2 dxe4 4. Nxe4 Nf6 5. Nxf6+ exf6 6. c3 Bd6 7. Bd3 O-O 8.
Ne2 Re8 9. Qc2 h6 10. Be3 Nd7 11. O-O Nf8 12. Ng3 Bg4 13. Rae1 Qc7 14. f4 Rxe3
15. Rxe3 Bxf4 16. Re4 Bxg3 17. Rxg4 Bxh2+ 18. Kh1 Ne6 19. Bc4 Ng5 20. Rxf6 Qe7
21. Rxf7 Nxf7 22. Qg6 Qf8 23. Bd3 Nh8 24. Qh7+ Kf7 25. Kxh2 Qd6+ 26. g3 Qf6 27.
Rf4 1-0

[Event "World Rapid 2019"]
[Site "Moscow RUS"]
[Date "2019.12.27"]
[Round "7.11"]
[White "Zubov, Alexander"]
[Black "Petrov, Nikita"]
[Result "1/2-1/2"]
[WhiteTitle "GM"]
[BlackTitle "GM"]
[WhiteElo "2601"]
[BlackElo "2585"]
[WhiteFideId "14109409"]
[BlackFideId "4101286"]
[EventDate "2019.12.26"]

1. d4 Nf6 2. Nf3 d5 3. c4 e6 4. e3 b6 5. b3 Bb7 6. Bb2 Nbd7 7. Bd3 Bd6 8. O-O
O-O 9. Ne5 c5 10. Qe2 Qc7 11. f4 cxd4 12. exd4 a6 13. Nd2 Bb4 14. a3 Bxd2 15.
Qxd2 Ne4 16. Qe3 f5 17. a4 Nxe5 18. dxe5 Nc5 19. Be2 a5 20. Rac1 Rfd8 21. Bd4
Rac8 22. Rfd1 Qb8 23. Bf1 dxc4 24. Bxc5 Rxc5 25. Bxc4 Bd5 26. Bxd5 Rcxd5 27.
Rxd5 Rxd5 28. h3 Qb7 1/2-1/2

[Event "World Rapid 2019"]
[Site "Moscow RUS"]
[Date "2019.12.27"]
[Round "7.13"]
[White "Bocharov, Dmitry"]
[Black "Aronian, Levon"]
[Result "1/2-1/2"]
[WhiteTitle "GM"]
[BlackTitle "GM"]
[WhiteElo "2524"]
[BlackElo "2775"]
[WhiteFideId "4138716"]
[BlackFideId "13300474"]
[EventDate "2019.12.26"]

1. Nf3 d5 2. e3 Nf6 3. c4 e6 4. b3 c5 5. Bb2 Nc6 6. cxd5 exd5 7. Be2 d4 8. Bb5
Bd6 9. O-O O-O 10. h3 Nd5 11. Bxc6 bxc6 12. Na3 Re8 13. Nc4 Re6 14. Nxd6 Qxd6
15. exd4 Nf4 16. dxc5 Nxh3+ 17. gxh3 Rg6+ 18. Kh1 Qd5 19. Rg1 Bxh3 20. Qe2 Qh5
21. Rxg6 Bf1+ 22. Kg1 Bxe2 23. Rxg7+ Kf8 24. Ng5 Qg4+ 25. Kh2 Qh4+ 26. Kg2 Qg4+
27. Kh2 Qh4+ 28. Kg2 1/2-1/2

[Event "World Rapid 2019"]
[Site "Moscow RUS"]
[Date "2019.12.27"]
[Round "7.14"]
[White "Sarana, Alexey"]
[Black "Artemiev, Vladislav"]
[Result "1/2-1/2"]
[WhiteTitle "GM"]
[BlackTitle "GM"]
[WhiteElo "2663"]
[BlackElo "2731"]
[WhiteFideId "24133795"]
[BlackFideId "24101605"]
[EventDate "2019.12.26"]

1. d4 Nf6 2. c4 g6 3. Nc3 d5 4. cxd5 Nxd5 5. e4 Nxc3 6. bxc3 Bg7 7. Nf3 c5 8.
Rb1 O-O 9. Be2 Qc7 10. Be3 b6 11. h4 Rd8 12. h5 Nc6 13. hxg6 hxg6 14. Qd2 cxd4
15. cxd4 Bg4 16. Rc1 Bxf3 17. gxf3 Qd6 18. d5 Na5 19. Bd4 Bxd4 20. Qxd4 f6 21.
Qe3 g5 22. f4 Rac8 23. Rxc8 Rxc8 24. fxg5 f5 25. Kf1 Qe5 26. Rh4 Nc4 27. Bxc4
Rxc4 28. g6 Rxe4 29. Rxe4 fxe4 30. Qh3 Qf6 31. Qh7+ Kf8 32. Qh6+ Kg8 33. a4 a6
34. Ke2 Qf3+ 35. Ke1 Qc3+ 36. Kf1 Qf6 37. Ke1 Qc3+ 38. Kf1 Qh8 1/2-1/2

[Event "World Rapid 2019"]
[Site "Moscow RUS"]
[Date "2019.12.27"]
[Round "7.16"]
[White "Andreikin, Dmitry"]
[Black "Andriasian, Zaven"]
[Result "1/2-1/2"]
[WhiteTitle "GM"]
[BlackTitle "GM"]
[WhiteElo "2724"]
[BlackElo "2611"]
[WhiteFideId "4158814"]
[BlackFideId "13302000"]
[EventDate "2019.12.26"]

1. e4 c5 2. Nc3 d6 3. Nge2 Nf6 4. h3 e5 5. d3 Nc6 6. g4 Be7 7. Bg2 Be6 8. Ng3 g6
9. Nd5 Nd7 10. Bh6 Bh4 11. Qd2 f6 12. Be3 O-O 13. O-O-O b5 14. Ne2 b4 15. f4 Nd4
16. Rhf1 Qa5 17. Kb1 Rae8 18. f5 Bxd5 19. exd5 Nxe2 20. Qxe2 g5 21. Be4 Rb8 22.
Bf2 Bxf2 23. Qxf2 Rb6 24. h4 Ra6 25. hxg5 fxg5 26. Qe3 Qxa2+ 27. Kc1 Nf6 28.
Qxg5+ Kf7 29. Rh1 Qa1+ 30. Kd2 Qxb2 31. Rxh7+ Ke8 32. Rb7 Ra2 33. Rc1 Nxe4+ 34.
dxe4 Qd4+ 35. Ke2 Qxe4+ 36. Kf2 Rxc2+ 37. Rxc2 Qxc2+ 38. Kg3 1/2-1/2

[Event "World Rapid 2019"]
[Site "Moscow RUS"]
[Date "2019.12.27"]
[Round "7.18"]
[White "Popov, Ivan RUS"]
[Black "Svidler, Peter"]
[Result "1/2-1/2"]
[WhiteTitle "GM"]
[BlackTitle "GM"]
[WhiteElo "2636"]
[BlackElo "2723"]
[WhiteFideId "4170350"]
[BlackFideId "4102142"]
[EventDate "2019.12.26"]

1. e4 c5 2. Nf3 e6 3. d4 cxd4 4. Nxd4 Nc6 5. Nc3 a6 6. Nxc6 bxc6 7. e5 Qc7 8. f4
d5 9. exd6 Bxd6 10. Ne4 Be7 11. Bd3 c5 12. b3 Nh6 13. O-O Nf5 14. Qe2 O-O 15.
Bb2 Nd4 16. Qh5 h6 17. Rae1 f5 18. Nd2 Bf6 19. Nc4 Bb7 20. c3 Nb5 21. Rxe6 Bd5
22. Re3 Bxc3 23. Bxc3 Nxc3 24. Bxf5 Bxc4 25. bxc4 Qd6 26. Kh1 Qf6 27. Be6+ Kh8
28. Qxc5 Nxa2 29. Qa3 Rae8 30. f5 a5 31. Ref3 Nb4 32. Qxa5 Nc6 33. Qc7 Ne5 34.
Rf4 Nd3 35. R4f3 Ne5 36. R3f2 Nd3 37. Rf3 Ne5 1/2-1/2

[Event "World Rapid 2019"]
[Site "Moscow RUS"]
[Date "2019.12.27"]
[Round "7.19"]
[White "Petrosian, Tigran L."]
[Black "Vallejo Pons, Francisco"]
[Result "0-1"]
[WhiteTitle "GM"]
[BlackTitle "GM"]
[WhiteElo "2601"]
[BlackElo "2704"]
[WhiteFideId "13301616"]
[BlackFideId "2205530"]
[EventDate "2019.12.26"]

1. Nf3 d5 2. g3 Nd7 3. Bg2 e5 4. O-O Ngf6 5. d3 Bd6 6. c4 d4 7. e3 c5 8. Nh4 O-O
9. Nf5 Bc7 10. e4 Re8 11. a3 Rb8 12. Nd2 a6 13. h3 b5 14. Qc2 g6 15. Nh6+ Kg7
16. Nf3 Ng8 17. Nxg8 Kxg8 18. Bg5 f6 19. Bh6 Qe7 20. cxb5 axb5 21. a4 b4 22. Nd2
Ba6 23. h4 Rbc8 24. b3 Bb8 25. Bh3 Rc6 26. Rac1 Nb6 27. a5 Nc8 28. Nc4 Bc7 29.
f4 exf4 30. Bxf4 Nd6 31. Nb6 Bxb6 32. axb6 Nf7 33. Ra1 Rxb6 34. Ra5 Bb5 35. Kh2
Kg7 36. Rfa1 Rb7 37. Rc1 h6 38. Bf1 g5 39. Bd2 Ne5 40. Be2 Qd8 41. Rca1 Qb6 42.
Ra8 Rbe7 43. Rxe8 Rxe8 44. h5 Re7 45. Rc1 Nd7 46. Bg4 Ne5 47. Be2 Ra7 48. Bf4
gxf4 49. gxf4 Nf7 50. Rg1+ Kf8 51. Rg6 Qd6 52. e5 Nxe5 53. Rg3 Nf7 54. Bf3 Re7
55. Be4 Rxe4 56. dxe4 d3 57. Qd2 Qd4 58. e5 fxe5 59. fxe5 Qxe5 60. Qc1 Qxh5+ 61.
Kg1 Qe5 62. Rf3 Qg5+ 0-1

[Event "World Rapid 2019"]
[Site "Moscow RUS"]
[Date "2019.12.27"]
[Round "7.20"]
[White "Alekseev, Evgeny"]
[Black "Salem, A.R. Saleh"]
[Result "1/2-1/2"]
[WhiteTitle "GM"]
[BlackTitle "GM"]
[WhiteElo "2620"]
[BlackElo "2675"]
[WhiteFideId "4138147"]
[BlackFideId "9301348"]
[EventDate "2019.12.26"]

1. e4 c5 2. Nf3 d6 3. Bb5+ Nd7 4. d4 cxd4 5. Qxd4 a6 6. Be2 Ngf6 7. c4 g6 8. Nc3
Bg7 9. h3 O-O 10. Qe3 b6 11. O-O Bb7 12. Rb1 Nc5 13. Nd2 a5 14. b3 e6 15. Ba3 d5
16. cxd5 exd5 17. Bxc5 bxc5 18. exd5 Nxd5 19. Nxd5 Bxd5 20. Bf3 Bd4 21. Qf4 Ra6
22. Bxd5 Qxd5 23. Nf3 Rf6 24. Qg3 Re8 25. Rfe1 Rfe6 26. Rxe6 Rxe6 27. Qb8+ Kg7
28. Qb5 Rf6 1/2-1/2

[Event "World Rapid 2019"]
[Site "Moscow RUS"]
[Date "2019.12.27"]
[Round "7.21"]
[White "Sargissian, Gabriel"]
[Black "Utegaliyev, Azamat"]
[Result "1/2-1/2"]
[WhiteTitle "GM"]
[WhiteElo "2689"]
[BlackElo "2502"]
[WhiteFideId "13300881"]
[BlackFideId "13702467"]
[EventDate "2019.12.26"]

1. d4 Nf6 2. c4 c6 3. Nf3 d5 4. e3 Bf5 5. Nc3 e6 6. Nh4 Bg6 7. Qb3 Qb6 8. Nxg6
hxg6 9. g3 Nbd7 10. Bg2 Be7 11. O-O O-O 12. cxd5 Qxb3 13. axb3 cxd5 14. Bd2 Rfc8
15. Rfc1 Nb6 16. Na4 Nxa4 17. bxa4 Ne4 18. Be1 Nd6 19. b3 Rxc1 20. Rxc1 Rc8 21.
Rxc8+ Nxc8 22. f3 f5 23. e4 Kf7 24. Kf2 b6 25. Ke3 a5 26. g4 Bd6 27. h4 Ne7 28.
Bh3 f4+ 29. Kd3 g5 30. h5 Bb4 31. Bf2 Nc6 32. Bf1 Ke7 33. exd5 exd5 34. Kc2 Ke6
35. Bd3 Ne7 36. Bb5 Nc8 37. Be8 Ne7 38. Kd1 Nc8 1/2-1/2

[Event "World Rapid 2019"]
[Site "Moscow RUS"]
[Date "2019.12.27"]
[Round "7.22"]
[White "Meier, Georg"]
[Black "Vitiugov, Nikita"]
[Result "1/2-1/2"]
[WhiteTitle "GM"]
[BlackTitle "GM"]
[WhiteElo "2626"]
[BlackElo "2747"]
[WhiteFideId "4675789"]
[BlackFideId "4152956"]
[EventDate "2019.12.26"]

1. Nf3 d5 2. g3 Nf6 3. Bg2 e6 4. O-O Be7 5. c4 O-O 6. d4 dxc4 7. Qc2 a6 8. Qxc4
b5 9. Qc2 Bb7 10. Bg5 Nbd7 11. Bxf6 Nxf6 12. Nbd2 Rc8 13. Nb3 c5 14. dxc5 Be4
15. Qc3 Nd7 16. Rfd1 Qc7 17. Qe3 Bxf3 18. Bxf3 Ne5 19. Qc3 Bxc5 20. Rac1 Bb6 21.
Qxc7 Rxc7 22. Rxc7 Bxc7 23. Bb7 a5 24. Ba6 b4 25. Nc5 1/2-1/2

[Event "World Rapid 2019"]
[Site "Moscow RUS"]
[Date "2019.12.27"]
[Round "7.23"]
[White "Bartel, Mateusz"]
[Black "Chigaev, Maksim"]
[Result "1/2-1/2"]
[WhiteTitle "GM"]
[BlackTitle "GM"]
[WhiteElo "2634"]
[BlackElo "2631"]
[WhiteFideId "1112635"]
[BlackFideId "4108116"]
[EventDate "2019.12.26"]

1. e4 e5 2. Nf3 Nc6 3. Bb5 a6 4. Ba4 Nf6 5. d3 d6 6. c3 Bd7 7. Nbd2 g6 8. Nf1
Bg7 9. Ng3 O-O 10. h3 Qe8 11. Bb3 Kh8 12. Be3 Ng8 13. Qe2 f5 14. Bd2 f4 15. Nf1
a5 16. g4 a4 17. Bc2 Nf6 18. N1h2 b5 19. g5 Nh5 20. Ng4 Rb8 21. b4 axb3 22. axb3
Ra8 23. Qd1 Be6 24. Rxa8 Qxa8 25. b4 d5 26. Bb3 dxe4 27. Bxe6 Nd8 28. Bb3 exf3
29. O-O Nf7 30. Bxf7 Rxf7 31. Re1 Rf5 32. h4 Qd5 33. Qc2 Ng3 34. Kh2 Ne2 35. Kh3
Rf8 36. c4 Qd7 37. cxb5 Qxb5 38. Qxc7 Qxd3 39. Ra1 Qxd2 40. Ra7 Ng1+ 41. Kh2 Rg8
42. Qc5 Qd4 43. Rxg7 Rxg7 44. Qf8+ Rg8 45. Qf6+ Rg7 46. Kxg1 Qxb4 47. Qd8+ Rg8
48. Qf6+ Rg7 49. Qd8+ 1/2-1/2

[Event "World Rapid 2019"]
[Site "Moscow RUS"]
[Date "2019.12.27"]
[Round "7.24"]
[White "Suleymanli, Aydin"]
[Black "Shimanov, Aleksandr"]
[Result "1-0"]
[WhiteTitle "IM"]
[BlackTitle "GM"]
[WhiteElo "2473"]
[BlackElo "2587"]
[WhiteFideId "13413937"]
[BlackFideId "4198603"]
[EventDate "2019.12.26"]

1. d4 Nf6 2. c4 g6 3. Nc3 Bg7 4. e4 d6 5. f4 O-O 6. Nf3 Na6 7. Be2 e5 8. fxe5
dxe5 9. d5 c5 10. O-O Ne8 11. Bg5 f6 12. Be3 Nd6 13. Nd2 b6 14. a3 Bd7 15. b4
Qe7 16. b5 Nc7 17. Nb3 Nf7 18. Na4 Rfc8 19. Naxc5 bxc5 20. Bxc5 Qe8 21. Bb4 f5
22. a4 Ng5 23. c5 Nxe4 24. c6 Rd8 25. Bc4 Kh8 26. Ba5 Rac8 27. d6 Bxc6 28. Bxc7
Rxc7 29. dxc7 Rxd1 30. Raxd1 Bd7 31. b6 axb6 32. Bb5 Bxb5 33. Rd8 Nd6 34. axb5
Qf8 35. Rd1 Nc8 36. Rxc8 1-0

[Event "World Rapid 2019"]
[Site "Moscow RUS"]
[Date "2019.12.27"]
[Round "7.26"]
[White "Fedoseev, Vladimir3"]
[Black "Sasikiran, Krishnan"]
[Result "1-0"]
[WhiteTitle "GM"]
[BlackTitle "GM"]
[WhiteElo "2677"]
[BlackElo "2656"]
[WhiteFideId "24130737"]
[BlackFideId "5004985"]
[EventDate "2019.12.26"]

1. Nf3 d5 2. g3 c6 3. Bg2 Nf6 4. d3 Bg4 5. h3 Bh5 6. Bf4 e6 7. Nbd2 Bd6 8. Bxd6
Qxd6 9. e4 Nbd7 10. Qe2 e5 11. g4 Bg6 12. h4 h6 13. h5 Bh7 14. g5 hxg5 15. Nxg5
Qe7 16. O-O-O O-O-O 17. Rdg1 Kb8 18. exd5 cxd5 19. f4 Rde8 20. Re1 Bf5 21. fxe5
Ng4 22. Ngf3 Ngxe5 23. Qf1 Qf6 24. Nxe5 Rxe5 25. Nf3 Rxe1+ 26. Qxe1 Qd6 27. Kb1
Bg4 28. Ng5 Qf4 29. Nxf7 Rf8 30. Bxd5 Nf6 31. Qe7 1-0

[Event "World Rapid 2019"]
[Site "Moscow RUS"]
[Date "2019.12.27"]
[Round "7.28"]
[White "Tari, Aryan"]
[Black "Jakovenko, Dmitry"]
[Result "1/2-1/2"]
[WhiteTitle "GM"]
[BlackTitle "GM"]
[WhiteElo "2634"]
[BlackElo "2698"]
[WhiteFideId "1510045"]
[BlackFideId "4122356"]
[EventDate "2019.12.26"]

1. e4 c5 2. Nf3 d6 3. Bb5+ Nd7 4. O-O Nf6 5. Re1 a6 6. Bd3 g6 7. c3 Bg7 8. Bc2
b5 9. d4 cxd4 10. cxd4 Bb7 11. Nc3 O-O 12. a3 Rc8 13. h3 Nb6 14. Bd3 Nfd7 15.
Bg5 h6 16. Bh4 Nc4 17. Qe2 Nf6 18. Bxf6 Bxf6 19. a4 Qb6 20. axb5 axb5 21. Rac1
Bg7 22. Nxb5 Na5 23. Rc3 Nc6 24. Rec1 Nxd4 25. Nbxd4 Bxd4 26. Rxc8 Rxc8 27.
Rxc8+ Bxc8 28. Nxd4 Qxd4 29. Qc2 Be6 30. h4 Kg7 31. Qc3 Qxc3 32. bxc3 g5 33. g3
g4 34. Kf1 Kf6 35. Ke2 Ke5 36. Ke3 f6 37. Be2 Bd7 38. Bd1 Bc8 1/2-1/2

[Event "World Rapid 2019"]
[Site "Moscow RUS"]
[Date "2019.12.27"]
[Round "7.29"]
[White "Moiseenko, Vadim"]
[Black "Tomashevsky, Evgeny"]
[Result "1/2-1/2"]
[WhiteTitle "GM"]
[BlackTitle "GM"]
[WhiteElo "2526"]
[BlackElo "2705"]
[WhiteFideId "4123700"]
[BlackFideId "4147235"]
[EventDate "2019.12.26"]

1. e4 e5 2. Nc3 Nc6 3. a3 Nf6 4. d3 d5 5. Bg5 d4 6. Nd5 Be7 7. Bxf6 Bxf6 8. g3
Be6 9. Nxf6+ Qxf6 10. Bg2 O-O-O 11. Qd2 g5 12. b4 Ne7 13. Ne2 h5 14. c3 h4 15.
cxd4 hxg3 16. fxg3 exd4 17. Rc1 Ng6 18. Rc5 Ne5 19. h3 Kb8 20. Rf1 Qg7 21. g4 b6
22. Rc1 f6 23. Ng3 Rdf8 24. Rf2 Qd7 25. Kf1 Qb5 26. Rd1 Nxd3 27. Ne2 Nxf2 28.
Kxf2 c5 29. bxc5 Qxc5 30. Nxd4 Rd8 31. Qe3 Rxd4 32. Qxd4 Rc8 33. Qxc5 Rxc5 34.
Rd6 Re5 35. Rd8+ Bc8 36. Rf8 Re6 37. Bf1 Kc7 38. Rf7+ Kd6 39. Ke3 Ke5 40. Rc7
Re8 41. Bb5 Rh8 42. Bf1 Be6 43. Rxa7 Rc8 44. Ra6 Rc3+ 45. Kd2 Rf3 46. Bd3 Rxh3
47. Rxb6 Bxg4 48. a4 Rh2+ 49. Ke3 Rh3+ 50. Kd2 Rh2+ 51. Ke3 Rh3+ 52. Kd2 1/2-1/2

[Event "World Rapid 2019"]
[Site "Moscow RUS"]
[Date "2019.12.27"]
[Round "7.31"]
[White "Safarli, Eltaj"]
[Black "Dreev, Aleksey"]
[Result "1/2-1/2"]
[WhiteTitle "GM"]
[BlackTitle "GM"]
[WhiteElo "2601"]
[BlackElo "2677"]
[WhiteFideId "13402129"]
[BlackFideId "4100107"]
[EventDate "2019.12.26"]

1. e4 c6 2. Nf3 d5 3. exd5 cxd5 4. Ne5 a6 5. d4 Nc6 6. Be2 g6 7. O-O Bg7 8. Nxc6
bxc6 9. c4 Nh6 10. Nd2 O-O 11. Nf3 Bg4 12. Ne5 Bxe2 13. Qxe2 Qc8 14. Bxh6 Bxh6
15. f4 Bg7 16. f5 Qb7 17. c5 Rab8 18. b3 a5 19. h4 Qc7 20. h5 Rb4 21. fxg6 Rxd4
22. Nxf7 Rh4 23. gxh7+ Kxh7 24. Ng5+ Kh6 25. Qe6+ Bf6 26. Nh3 Re4 27. Rxf6+ exf6
28. Qf5 Qg3 29. Rf1 Qg4 30. Qf2 f5 31. Qd2+ Kg7 32. Nf2 Re2 33. Qc3+ d4 34. Qd3
Qxh5 35. g4 Qe8 36. Qxd4+ Qe5 37. Qxe5+ Rxe5 38. Nd3 Re3 39. Nf4 fxg4 40. Nh5+
Kg8 41. Nf6+ Kh8 42. Kg2 Rf3 43. Rh1+ Rh3 44. Rf1 Kg7 45. Nxg4 Rxf1 46. Kxf1 Rc3
47. Ke2 Rxc5 48. Kd3 Kf7 49. Ne3 Ke6 50. Nc4 Rh5 51. a4 Rh3+ 52. Kc2 Rh5 53. Kc3
Rh3+ 54. Kc2 Kd5 55. Nxa5 c5 56. Kb2 Rh2+ 57. Kc3 Rh3+ 58. Kb2 Rh2+ 59. Kc3 Rf2
60. Kd3 Rf3+ 61. Kc2 Rh3 62. Kb2 Rh2+ 1/2-1/2

[Event "World Rapid 2019"]
[Site "Moscow RUS"]
[Date "2019.12.27"]
[Round "7.32"]
[White "Jobava, Baadur"]
[Black "Paravyan, David"]
[Result "1-0"]
[WhiteTitle "GM"]
[BlackTitle "GM"]
[WhiteElo "2604"]
[BlackElo "2629"]
[WhiteFideId "13601520"]
[BlackFideId "4194985"]
[EventDate "2019.12.26"]

1. d4 Nf6 2. Bg5 d5 3. e3 c5 4. dxc5 Ne4 5. Bh4 Nc6 6. f3 Nxc5 7. Nc3 Qa5 8. Ne2
g6 9. Qd2 Be6 10. Nd4 Bg7 11. Bb5 Qb6 12. a4 a6 13. a5 Qc7 14. Bg3 Qc8 15. Bxc6+
bxc6 16. b4 Nd7 17. Na4 h5 18. Nb6 Nxb6 19. axb6 h4 20. Bc7 h3 21. g3 Bd7 22.
O-O O-O 23. Nb3 c5 24. Qxd5 e6 25. Qxc5 Bxa1 26. Rxa1 a5 27. Nxa5 Qa6 28. c4 e5
29. b5 Qc8 30. Kf2 Rxa5 31. Rxa5 Bf5 32. Bd6 Qd7 33. Ra7 1-0

[Event "World Rapid 2019"]
[Site "Moscow RUS"]
[Date "2019.12.27"]
[Round "7.33"]
[White "Sethuraman, S.P."]
[Black "Inarkiev, Ernesto"]
[Result "1/2-1/2"]
[WhiteTitle "GM"]
[BlackTitle "GM"]
[WhiteElo "2638"]
[BlackElo "2663"]
[WhiteFideId "5021596"]
[BlackFideId "4162722"]
[EventDate "2019.12.26"]

1. e4 e5 2. Nf3 Nc6 3. Bb5 a6 4. Ba4 Nf6 5. O-O Be7 6. Re1 b5 7. Bb3 O-O 8. c3
d5 9. exd5 Nxd5 10. Nxe5 Nxe5 11. Rxe5 c6 12. d3 Bd6 13. Re1 Bf5 14. Qf3 Bg6 15.
Bd2 Qd7 16. Na3 Nf6 17. Nc2 Bh5 18. Qh3 Qxh3 19. gxh3 Bg6 20. d4 a5 21. a4 Rab8
22. Ra2 Ne4 23. Be3 b4 24. cxb4 Bxb4 25. Nxb4 Rxb4 26. Bc2 f6 27. Bxe4 Bxe4 28.
Bd2 Rxd4 29. Bxa5 Bd5 30. Bc3 Bxa2 31. Bxd4 Ra8 32. Re7 Rxa4 33. Ra7 Rxd4 34.
Rxa2 Kf7 35. Ra7+ Kg6 36. Rc7 Rc4 37. Kg2 h5 38. b3 Rc3 39. b4 Rc4 40. Rb7 h4
41. b5 cxb5 1/2-1/2

[Event "World Rapid 2019"]
[Site "Moscow RUS"]
[Date "2019.12.27"]
[Round "7.35"]
[White "Sakaev, Konstantin"]
[Black "Zhigalko, Sergei"]
[Result "1/2-1/2"]
[WhiteTitle "GM"]
[BlackTitle "GM"]
[WhiteElo "2596"]
[BlackElo "2571"]
[WhiteFideId "4104226"]
[BlackFideId "13502956"]
[EventDate "2019.12.26"]

1. d4 Nf6 2. c4 e6 3. Nf3 b6 4. a3 Ba6 5. Qc2 Bb7 6. Nc3 c5 7. e4 cxd4 8. Nxd4
Nc6 9. Nxc6 Bxc6 10. Bf4 Nh5 11. Be3 Bc5 12. Bxc5 bxc5 13. g3 O-O 14. Bg2 Rb8
15. O-O e5 16. Rad1 Qb6 17. Rd2 Nf6 18. f4 Rfe8 19. f5 Qa6 20. Qd3 Rb3 21. Rff2
Reb8 22. Bf3 R8b6 23. g4 h6 24. h4 Qb7 25. g5 hxg5 26. hxg5 Nh7 27. g6 fxg6 28.
fxg6 Nf6 29. Qe2 Rxc3 30. bxc3 Nxe4 31. Bxe4 Bxe4 32. Rb2 Rxg6+ 33. Kf1 Qa8 34.
Qh5 1/2-1/2